Inžinierska štatistika

Bibliographic Details
Main Author: Gattnárová, Eva, 1949- (Author)
Format: Book
Language:Slovak
PhysicalDescription:158 strán grafy, tabuľky 30 cm
Published: V Bratislave Slovenská vysoká škola technická 1990
ISBN:8022702749
Edition:2. vyd.
Subjects:

MARC

LEADER 00000cam a2200000 a 4500
001 vtls001063217
003 SK-MaSNL
005 20260301000125.0
008 240322s1990 xo dl frnp 000 0 slo
015 |a SNBA1990/08 
020 |a 8022702749  |q (brožované) 
035 |a SNK000006046 
035 |a urn:nbn:sk:snk-amlqwa 
035 |a urn:nbn:sk:snk-am00c1jx 
035 |a A8DE61A1-3ED6-42C0-AE08-980F2444F238 
040 |a SNK  |b slo  |c SNK  |e AACR2 
041 0 |a slo 
044 |a xo  |c SK 
072 7 |a 311  |x Štatistika  |2 konspekt 
072 7 |a 37.016  |x Učebné osnovy. Vyučovacie predmety. Učebnice  |2 konspekt 
080 |a 311  |2 2011 
080 |a (075.8)  |2 2011 
080 |a 62  |2 2011 
100 1 |a Gattnárová, Eva,  |d 1949-  |4 aut  |9 232108 
245 1 0 |a Inžinierska štatistika  |c Eva Gattnarová 
246 3 8 |a Inžinierska štatistika  |b vybrané kapitoly 
250 |a 2. vyd. 
260 |a V Bratislave  |b Slovenská vysoká škola technická  |c 1990 
300 |a 158 strán  |b grafy, tabuľky  |c 30 cm 
366 |e 60 kusov 
500 |a Vydala Slovenská vysoká škola technická v Bratislave, Chemickotechnologická fakulta 
500 |a Obsahuje 7 kapitol 
500 |a Názov z tiráže: Inžinierska štatistika : vybrané kapitoly 
504 |a Bibliografia na strane [156] 
650 0 7 |a inžinierska štatistika  |2 SNKPH  |9 276961 
650 0 7 |a štatistika  |2 SNKPH  |9 778 
650 0 7 |a inžinierstvo  |2 SNKPH  |9 66770 
655 7 |a učebnice vysokých škôl  |2 SNKPH  |9 70191 
710 2 |a Slovenská vysoká škola technická v Bratislave.  |b Chemickotechnologická fakulta  |4 pbl  |9 181654 
740 0 2 |a Základné štatistické pojmy 
740 0 2 |a Základné štatistické charakteristiky 
740 0 2 |a Štatistické skúmanie závislostí 
740 0 2 |a Časové rady 
740 0 2 |a Indexná analýza 
740 0 2 |a Štatistická kontrola akosti 
740 0 2 |a Tabuľky 
752 |a Slovensko  |d Bratislava 
852 |a Slovenská národná knižnica 
919 |a 80-227-0274-9 
954 |a odborná, vedecká literatúra pôvodná (slovenská)  |2 lita 
958 |a EUIPO 
958 |a RK 
958 |a TL 
958 |a NB 
958 |a OND 
958 |a UV 
999 |c 532010  |d 533940 
952 |t P60, <04>, [BOOK], {604}  |a SNK  |b SNK  |y VYP  |7 0  |p 17A0149628  |o snkSB 47275 D1  |0 0  |1 0  |4 0  |d 1998-07-16  |l 0  |r 2004-12-31 00:00:00  |w 2026-02-23 
952 |a SNK  |b SNK  |y PREZ  |7 0  |p 17A0873267  |o snkSB 47275  |i snkKSP 8981/90  |0 0  |1 0  |4 0  |d 2012-07-09  |f 1  |l 0  |r 2025-02-07 00:00:00  |w 2026-02-23